000
00202 a2200097 4500
001
3782
100
_a
Panikkor, K.M
245
_a
Asia & western dominance
260
_a
_b
Allen
_c
090
_c
3017
_d
3017
942
_a
NUST-CAE
_c
M
_c
22414
999
_c
238855
_d
238855